000 00307nam a22001337a 4500
008 170606b xxu||||| |||| 00| 0 eng d
020 _a2900872899703
041 _aeng
080 _26TH
_a94(7/8)
100 _a18
101 _aSHH
245 _aAMERICAN DEMOCRACY IN PERIL
_cHUDSON,W.E
942 _2udc
_cBK
999 _c16056
_d16056